{"text_format":"3","workbook":"xlsx","n_sheets":4,"sheets":["汇总表","耗材申购计划及预算","试剂申购计划及预算","化验室设备仪器校准计划及预算"],"not_rendered":{"images":4},"read":"whole","date_system":"1900"}

{"sheet":"汇总表","index":0,"n_rows":10,"n_cols":4,"rows_kept":10,"merged":[[0,1,0,3]]}
[null,"2023年检验化验计划及预算"]
["序号","项目","费用（元）","备注"]
[1,"耗材",38744]
[2,"药剂",26651]
[3,"仪器校准",6000]
[4,"废液处置",20000,"包括化验室检测产生的废液以及进出水在线仪表产生的废液"]
[5,"进出水在线仪表运维",125000]
[6,"污泥年度例行监测",12000]
[7,"排污许可证因子检测",40000]
[null,"合计（元）",{"$f":"SUM(C3:C9)","v":268395}]

{"sheet":"耗材申购计划及预算","index":1,"n_rows":142,"n_cols":8,"rows_kept":142,"merged":[[0,0,0,6],[141,1,141,5]]}
["2023年化验室玻璃器皿申购计划及预算"]
["序号","物资名称","规格、型号","单位","计划数量","预估单价（元）","总价（元）","备注"]
[1,"容量瓶","50ml，葵花","个",4,12,{"$f":"E3*F3","v":48}]
[{"$f":"A3+1","v":2},"容量瓶","100ml，葵花","个",20,12,240]
[3,"容量瓶","200ml，葵花","个",8,18,144]
[4,"容量瓶","250ml，葵花","个",12,15,180]
[5,"容量瓶","500ml，葵花","个",12,19,228]
[{"$f":"A7+1","v":6},"容量瓶","1000ml，葵花","个",12,25,300]
[7,"滴瓶","100ml，葵花","个",10,50,500]
[{"$f":"A9+1","v":8},"棕色滴瓶","100ml，葵花","个",10,50,500]
[9,"蓝盖无色玻璃瓶","500ml；聚四氟乙烯衬垫瓶盖","个",12,20,240]
[{"$f":"A11+1","v":10},"蓝盖无色玻璃瓶","1000ml；聚四氟乙烯衬垫瓶盖","个",12,30,360]
[11,"棕色广口试剂瓶","250ml，葵花","个",8,10,80]
[{"$f":"A13+1","v":12},"棕色广口玻璃瓶","500ml，葵花","个",8,15,120]
[13,"棕色广口试剂瓶","1L，葵花","个",8,20,160]
[{"$f":"A15+1","v":14},"无色细口试剂瓶","250ml，葵花","个",4,20,80]
[15,"无色细口试剂瓶","500ml，葵花","个",4,25,100]
[{"$f":"A17+1","v":16},"无色细口试剂瓶","1000ml，葵花","个",4,30,120]
[17,"烧杯","100ml，葵花","个",20,20,400]
[18,"烧杯","250ml，葵花","个",20,10,200]
[19,"烧杯","500ml，葵花","个",12,6,72]
[{"$f":"A21+1","v":20},"烧杯","1L，葵花","个",12,10,120]
[21,"烧杯","2L，葵花","个",4,25,100]
[{"$f":"A23+1","v":22},"刻度移液管","1ml，葵花","个",14,6,84]
[23,"刻度移液管","2ml，葵花","个",4,6,24]
[{"$f":"A25+1","v":24},"刻度移液管","5ml，葵花","个",22,7,154]
[25,"刻度移液管","10ml，葵花","个",22,7,154]
[{"$f":"A27+1","v":26},"刻度移液管","20ml，葵花","个",8,10,80]
[27,"无分度移液管","1ml，葵花","个",2,10,20]
[28,"无分度移液管","2ml，葵花","个",2,10,20]
[29,"无分度移液管","5ml，葵花","个",10,10,100]
[{"$f":"A31+1","v":30},"无分度移液管","10ml，葵花","个",10,20,200]
[31,"无分度移液管","20ml，葵花","个",4,10,40]
[{"$f":"A33+1","v":32},"无分度移液管","25ml，葵花","个",4,10,40]
[33,"无分度移液管","50ml，葵花","个",4,10,40]
[{"$f":"A35+1","v":34},"量筒","25ml，葵花","个",6,6,36]
[35,"量筒","50ml，葵花","个",6,6,36]
[{"$f":"A37+1","v":36},"量筒","100ml，葵花","个",6,6,36]
[37,"量筒","250ml，葵花","个",6,13,78]
[38,"量筒","500ml，葵花","个",6,15,90]
[39,"量筒","1L，葵花","个",12,20,240]
[{"$f":"A41+1","v":40},"磨口锥形瓶","250ml，葵花","个",20,4,80]
[41,"碘量瓶","250ml；带玻璃塞，葵花","个",20,10,200]
[42,"小玻璃漏斗","直径60mm，葵花","个",20,10,200]
[43,"小玻璃漏斗","直径75mm，葵花","个",20,15,300]
[{"$f":"A45+1","v":44},"盖玻片","微生物镜检","盒",10,6,60]
[45,"无色酸式滴定管","50ml，葵花","个",8,60,480]
[46,"具塞磨口比色管","25ml，葵花","个",30,10,300]
[47,"具塞磨口比色管","50ml，葵花","个",30,10,300]
[{"$f":"A49+1","v":48},"试管及配套硅胶塞","50ml，葵花","个",50,10,500,"粪大肠菌群"]
[49,"试管及配套硅胶塞","20ml，葵花","个",150,10,1500,"粪大肠菌群"]
[48,"试管架","放置50ml试管，与48配套","个",5,30,150,"粪大肠菌群"]
[49,"试管架","放置20ml试管，与48配套","个",5,30,150,"粪大肠菌群"]
[{"$f":"A53+1","v":50},"杜氏小管","6mm*30mm,100个/包","包",5,15,75,"粪大肠菌群"]
[51,"接种环","直径3mm","个",8,15,120,"粪大肠菌群"]
[52,"培养皿","90mm,塑料","个",200,1,200,"粪大肠菌群"]
[53,"微孔滤膜滤膜","孔径0.45um","盒",10,40,400,"粪大肠菌群"]
[54,"比色皿","10mm，石英，葵花","盒",4,90,360]
[55,"比色皿","20mm，石英","盒",4,110,440]
[56,"溶解氧瓶","250~300ml，带水封装置校准至1ml，具塞温克勒瓶或其他适合的细口瓶，瓶肩最好是直的，每个瓶和盖都要有相同的号码，葵花","个",20,10,200]
[57,"称量瓶","60mm*30mm","个",20,10,200]
[58,"防爆玻璃珠","直径3~8mm","包",2,30,60]
[59,"玻璃棒","5mm*200mm，葵花","个",8,5,40]
[60,"移液枪","气密性好；1ml","个",2,400,800]
[61,"移液枪","气密性好；10ml","个",2,400,800]
[62,"移液枪枪头","100ul，1000个/包","包",1,20,20]
[63,"移液枪枪头","1ml，1000个/包","包",4,25,{"$f":"E67*F67","v":100}]
[64,"移液枪枪头","10ml，100个/包","包",6,25,150]
[65,"取样桶","不锈钢，2L","个",4,250,1000]
[66,"丁腈手套","M码；100只/盒","盒",12,45,540]
[67,"劳保手套","加交点，加厚","副",3,15,45]
[68,"高温手套",null,"副",3,35,105]
[69,"厚橡胶手套","加长型，防腐、防酸防碱","副",4,35,140]
[70,"活性炭口罩","/","盒",20,40,800]
[71,"pH试纸","1~14","个",4,8,32]
[72,"比色管架","25ml，有机玻璃，12孔","个",4,10,40]
[73,"比色管架","50ml，有机玻璃，12孔","个",4,10,40]
[74,"CN-CA滤膜","孔径0.45μm、直径60mm","盒",10,50,500]
[75,"玻璃纤维滤膜","50mm,0.45Um，螺纹","盒",6,40,240]
[76,"塑料镊子","100*7mm","个",6,5,30]
[77,"瓷蒸发皿","直径90mm","个",12,10,120]
[78,"一次性聚乙烯采样瓶","500ml","个",100,5,500]
[79,"封口膜","10cm*38m","卷",4,200,800]
[80,"坩埚钳","304不锈钢350mm","个",1,20,20]
[81,"虹吸管","长度约1.6m，供分取水样或添加稀释水","根",2,10,20]
[82,"营养琼脂平板","海博生物，9cm","个",400,2,800]
[83,"酒精棉球",null,"瓶",12,10,120]
[84,"酒精灯",null,"个",6,10,60]
[85,"中速定量滤纸","直径110mm","盒",4,15,60]
[86,"中速定性滤纸","直径110mm","盒",4,15,60]
[87,"慢速定量滤纸","直径110mm","盒",4,15,60]
[88,"慢速定性滤纸","直径110mm","盒",4,15,60]
[89,"牛皮纸","1000mm*800mm","张",3,5,15]
[90,"红色滴管胶头","滴瓶使用，100个/包","包",2,20,40]
[91,"纱布","820mm*1000mm","个",2,25,50]
[92,"棉绳","系比色管用","卷",1,6,6]
[93,"冰箱温度计","零下40℃~50℃","个",1,100,100]
[94,"水质总大肠菌群合粪大肠菌群测试纸片","10ml水样量纸片","张",40,125,5000]
[95,"水质总大肠菌群合粪大肠菌群测试纸片","1ml水样量纸片","张",40,125,5000]
[96,"自封袋","12号","个",400,2,800]
[97,"橡皮筋",null,"包",2,8,16]
[98,"一次性滴管","3ml，1000个/包","包",2,8,16]
[99,"无齿扁咀镊",null,"个",2,10,{"$f":"E103*F103","v":20}]
[100,"尖头镊子","不锈钢,15cm","个",2,10,20]
[101,"瓷坩埚","100ml带盖","个",8,30,240]
[102,"瓷坩埚","250ml带盖","个",8,60,480]
[103,"药匙","不锈钢长柄","个",8,5,40]
[104,"称量纸","100mm*100mm","包",4,10,40]
[105,"洗耳球","大","个",8,4,32]
[106,"毛刷","大","个",4,5,20]
[107,"毛刷","中","个",4,5,20]
[108,"毛刷","小","个",2,5,10]
[109,"天平清洁毛刷",null,"个",2,5,10]
[110,"洗瓶","白色弯头，500ml","个",12,4,48]
[111,"废液桶","25L","个",12,50,600]
[112,"实验服（白大褂）","XL码","个",8,98,784]
[113,"棉签",null,"包",4,2,8]
[114,"铁架台（配蝴蝶机夹）","高度60mm","个",2,80,160]
[115,"聚四氟搅拌子 "," C型  6mm*20mm  ","个",12,3,36]
[116,"标签纸","63*56mm，100张/包","包",2,10,20]
[117,"标签纸","48*37mm，100张/包","包",2,10,20]
[118,"标签纸","定制采样标签、标准溶液标签，100张/包","包",2,35,70]
[119,"衣架","微生物专用","个",1,80,80]
[120,"PP材质托盘","约35*25cm","个",2,50,100]
[121,"一次性聚乙烯瓶","1000ml","个",100,2,200]
[{"$f":"A125+1","v":122},"锥形瓶（不磨口）","250ml，葵花","个",10,4,40]
[123,"DO快速测定仪",null,"个",1,800,800]
[{"$f":"A127+1","v":124},"酸式滴定管","100ml，葵花","个",4,70,280]
[{"$f":"A128+1","v":125},"一次性聚乙烯瓶","250ml","个",100,2,200]
[{"$f":"A129+1","v":126},"具塞磨口比色管架","25ml，一排12个，亚克力材质","个",4,16,64]
[{"$f":"A130+1","v":127},"具塞磨口比色管架","50ml，一排12个，亚克力材质","个",4,18,72]
[128,"淀粉-碘化钾试纸","国药/三爱思","盒",4,10,40]
[{"$f":"A132+1","v":129},"强酸性阳离子交换树脂(氢型）柱","葵花","个",2,250,500,"氨氮前处理用"]
[130,"强酸性阳离子交换树脂(氢型）","沃凯 250g","个",1,50,50,"氨氮前处理用"]
[131,"全玻璃蒸馏器","葵花","个",1,130,130,"氨氮前处理用"]
[132,"离子交换柱","外径1.4cm，装树脂高5-8cm","根",5,50,250,"硝氮前处理用"]
[133,"TDS水质检测笔","爱诗普霖","根",2,298,596,"TDS"]
[134,"透明护目镜","3M，防酸碱","个",10,36,360]
[135,"碘量瓶","500mL，带玻璃塞，葵花","个",20,25,500]
[136,"碘量瓶","502mL，带玻璃塞，葵花","个",20,25,{"$f":"E140*F140","v":500}]
[137,"铁三环","中号,蓝柄","个",20,6,{"$f":"E141*F141","v":120}]
[null,"合计（元）",{"$nulls":4},{"$f":"SUM(G3:G141)","v":38744}]

{"sheet":"试剂申购计划及预算","index":2,"n_rows":211,"n_cols":8,"rows_kept":211,"merged":[[0,0,0,7]]}
["2023年东方水务化验室化学试剂耗材申购清单"]
["序号","使用项目","试剂名称","规格、型号","预计购入量","预估单价（元）","总价（元）","备注"]
[1,"COD","硫酸汞","250g",1,162,{"$f":"E3*F3","v":162}]
[{"$f":"A3+1","v":2},"COD","硫酸银","100g",2,520,1040]
[{"$f":"A4+1","v":3},"COD","重铬酸钾溶液","500ml，0.250mol/L",2,180,360]
[{"$f":"A5+1","v":4},"COD","硫酸亚铁铵（六水）","500g",1,20,20]
[{"$f":"A6+1","v":5},"COD","硫酸"," 500mL,优级纯",48,25,1200,"易制毒"]
[{"$f":"A7+1","v":6},"COD","邻菲啰啉","5g",1,126,126]
[{"$f":"A8+1","v":7},"COD","硫酸亚铁（七水）","500g",1,16,16]
[8,"COD","邻苯二甲酸氢钾","500g",1,40,40]
[9,"COD","COD标准物质","120mg/L左右，20mL",12,60,{"$f":"E11*F12","v":720}]
[10,"COD","COD标准物质","<50mg/L，20mL",12,60,{"$f":"E12*F13","v":720}]
[11,"COD","COD标准物质","200mg/L左右，20mL",12,60,{"$f":"E13*F13","v":720}]
[12,"TN","氢氧化钠","500g，含氮量＜0.0005%",1,23,23]
[13,"TN","过硫酸钾","德国默克，250g",4,484,1936]
[14,"TN","盐酸","500ml，优级纯",4,25,100,"易制爆"]
[15,"TN","总氮标准物质","100mg/L，50mL",4,150,600]
[16,"TN","总氮标准物质","10mg/L左右，20mL",12,70,840]
[17,"TN","总氮标准物质","5mg/L左右，20mL",12,70,840]
[18,"TN","总氮标准物质","小于1mg/L左右，20mL",12,70,840]
[19,"NH3-N","钠氏试剂","100mL",4,82,{"$f":"E21*F21","v":328}]
[{"$f":"A21+1","v":20},"NH3-N","酒石酸钾钠","500g",5,26,130]
[21,"NH3-N","硫代硫酸钠(五水）","麦克林，100g",4,141,564]
[22,"NH3-N","淀粉","500g",1,29,29]
[23,"NH3-N","碘化钾","500g",1,410,410]
[24,"NH3-N","碳酸钠","500g",1,15,15]
[25,"NH3-N","硫酸锌（7水）","500g，沪试",1,28,28]
[26,"NH3-N","硼酸","500g",1,30,30]
[27,"NH3-N","溴百里酚蓝","10g，沪试",1,69,69]
[28,"NH3-N","无水乙醇","500ml",5,14,70]
[29,"NH3-N","氨氮标准液","1000mg/L，50mL",2,150,300]
[30,"NH3-N","氨氮标准物质","20mg/L左右，20mL",4,70,280]
[31,"NH3-N","氨氮标准物质","1mg/L左右，20mL",8,70,560]
[32,"TP","抗坏血酸","250g",2,39,78]
[33,"TP","钼酸铵","500g",1,192,192]
[34,"TP","酒石酸锑钾","500g",1,150,150]
[{"$f":"A36+1","v":35},"TP","总磷标准液","50mg/L，50mL",2,150,300]
[36,"TP","总磷标准物质","2mg/L左右,20mL",6,70,420]
[37,"TP","总磷标准物质","0.5mg/L左右,20mL",6,70,420]
[38,"DO","硫酸锰（无水或一水）","500g",1,140,140]
[39,"DO","碘酸钾","优级纯，500g",2,490,980]
[40,"BOD","丙烯基硫脲","25g",2,80,160]
[41,"BOD","菌种","连华BOD5仪器配套使用",5,30,150]
[42,"BOD","BOD耗材套包","连华BOD5仪器配套使用",5,380,1900]
[43,"氯化物","氯化钠标准溶液","0.0141mol/L",2,80,{"$f":"E45*F45","v":160}]
[44,"氯化物","硝酸银标准溶液","0.0141mol/L",4,220,880]
[45,"氯化物","铬酸钾","500g",1,50,50]
[46,"硝酸盐氮","硫酸铝","500g",1,30,30]
[47,"硝酸盐氮","氨基磺酸","100g",1,15,15]
[48,"硝酸盐氮","硝酸盐氮标准液","1000mg/L,50mL",2,150,300]
[49,"硝酸盐氮","硝酸盐氮标准样","10mg/L左右，20mL",12,50,600]
[50,"次氯酸钠","硫代硫酸钠标准溶液","0.1mol/L",5,100,500]
[51,"聚氯化铝","硝酸","500ml，AR",2,35,70,"易制毒"]
[52,"聚氯化铝","EDTA溶液","500ml，0.05mol/L",2,68,136]
[53,"聚氯化铝","乙酸钠","500g",2,26,52]
[54,"聚氯化铝","冰乙酸","500ml",1,24,24]
[55,"聚氯化铝","氧化铝标准溶液","1g/L，500ml",4,76,304]
[56,"聚氯化铝","氯化锌标准滴定溶液","0.025mol/L，500ml",4,85,340]
[57,"聚氯化铝","百里香酚蓝","25g",1,118,118]
[58,"聚氯化铝","二甲酚橙","25g",1,46,46]
[59,"悬浮物","变色硅胶","500g",2,20,40]
[60,"粪大肠菌群","EC培养基","250g",5,120,600]
[61,"粪大肠菌群","乳糖蛋白胨培养基","250g",5,150,750]
[62,"粪大肠菌群","营养琼脂培养基","250g",5,120,600]
[63,"粪大肠菌群","M-FC培养基","250g",5,120,600]
[64,"pH","pH标准溶液",{"v":4,"d":"4.00"},4,120,480]
[65,"pH","pH标准溶液",6.86,4,120,480]
[66,"pH","pH标准溶液",9.18,4,120,480]
[67,"pH","pH电极保护液","250ml",2,120,{"$f":"E69*F69","v":240}]
[68,"ORP","ORP标准溶液","220mV；上海三信仪表厂",4,120,{"$f":"E70*F70","v":480}]
[69,"pH","KCl","500g",2,15,{"$f":"E71*F71","v":30}]
[70,"pH","pH电极保护液","250ml",2,120,{"$f":"E72*F72","v":240}]
[71,"容量瓶","50ml，葵花","个",4,12,{"$f":"E73*F73","v":48}]
[72,"容量瓶","100ml，葵花","个",20,12,240]
[73,"容量瓶","200ml，葵花","个",8,18,144]
[74,"容量瓶","250ml，葵花","个",12,15,180]
[75,"容量瓶","500ml，葵花","个",12,19,228]
[76,"容量瓶","1000ml，葵花","个",12,25,300]
[77,"滴瓶","100ml，葵花","个",10,50,500]
[78,"棕色滴瓶","100ml，葵花","个",10,50,500]
[79,"蓝盖无色玻璃瓶","500ml；聚四氟乙烯衬垫瓶盖","个",12,20,240]
[80,"蓝盖无色玻璃瓶","1000ml；聚四氟乙烯衬垫瓶盖","个",12,30,360]
[81,"棕色广口试剂瓶","250ml，葵花","个",8,10,80]
[82,"棕色广口玻璃瓶","500ml，葵花","个",8,15,120]
[83,"棕色广口试剂瓶","1L，葵花","个",8,20,160]
[84,"无色细口试剂瓶","250ml，葵花","个",4,20,80]
[85,"无色细口试剂瓶","500ml，葵花","个",4,25,100]
[86,"无色细口试剂瓶","1000ml，葵花","个",4,30,120]
[87,"烧杯","100ml，葵花","个",20,20,400]
[88,"烧杯","250ml，葵花","个",20,10,200]
[89,"烧杯","500ml，葵花","个",12,6,72]
[90,"烧杯","1L，葵花","个",12,10,120]
[91,"烧杯","2L，葵花","个",4,25,100]
[92,"刻度移液管","1ml，葵花","个",14,6,84]
[93,"刻度移液管","2ml，葵花","个",4,6,24]
[94,"刻度移液管","5ml，葵花","个",22,7,154]
[95,"刻度移液管","10ml，葵花","个",22,7,154]
[96,"刻度移液管","20ml，葵花","个",8,10,80]
[97,"无分度移液管","1ml，葵花","个",2,10,20]
[98,"无分度移液管","2ml，葵花","个",2,10,20]
[{"$f":"A100+1","v":99},"无分度移液管","5ml，葵花","个",10,10,100]
[100,"无分度移液管","10ml，葵花","个",10,20,200]
[101,"无分度移液管","20ml，葵花","个",4,10,40]
[102,"无分度移液管","25ml，葵花","个",4,10,40]
[103,"无分度移液管","50ml，葵花","个",4,10,40]
[104,"量筒","25ml，葵花","个",6,6,36]
[105,"量筒","50ml，葵花","个",6,6,36]
[106,"量筒","100ml，葵花","个",6,6,36]
[107,"量筒","250ml，葵花","个",6,13,78]
[108,"量筒","500ml，葵花","个",6,15,90]
[109,"量筒","1L，葵花","个",12,20,240]
[110,"磨口锥形瓶","250ml，葵花","个",20,4,80]
[111,"碘量瓶","250ml；带玻璃塞，葵花","个",20,10,200]
[112,"小玻璃漏斗","直径60mm，葵花","个",20,10,200]
[113,"小玻璃漏斗","直径75mm，葵花","个",20,15,300]
[114,"盖玻片","微生物镜检","盒",10,6,60]
[115,"无色酸式滴定管","50ml，葵花","个",8,60,480]
[116,"具塞磨口比色管","25ml，葵花","个",30,10,300]
[117,"具塞磨口比色管","50ml，葵花","个",30,10,300]
[118,"试管及配套硅胶塞","50ml，葵花","个",50,10,500,"粪大肠菌群"]
[119,"试管及配套硅胶塞","20ml，葵花","个",150,10,1500,"粪大肠菌群"]
[120,"试管架","放置50ml试管，与48配套","个",5,30,150,"粪大肠菌群"]
[121,"试管架","放置20ml试管，与48配套","个",5,30,150,"粪大肠菌群"]
[122,"杜氏小管","6mm*30mm,100个/包","包",5,15,75,"粪大肠菌群"]
[123,"接种环","直径3mm","个",8,15,120,"粪大肠菌群"]
[124,"培养皿","90mm,塑料","个",200,1,200,"粪大肠菌群"]
[125,"微孔滤膜滤膜","孔径0.45um","盒",10,40,400,"粪大肠菌群"]
[126,"比色皿","10mm，石英，葵花","盒",4,90,360]
[127,"比色皿","20mm，石英","盒",4,110,440]
[128,"溶解氧瓶","250~300ml，带水封装置校准至1ml，具塞温克勒瓶或其他适合的细口瓶，瓶肩最好是直的，每个瓶和盖都要有相同的号码，葵花","个",20,10,200]
[129,"称量瓶","60mm*30mm","个",20,10,200]
[130,"防爆玻璃珠","直径3~8mm","包",2,30,60]
[131,"玻璃棒","5mm*200mm，葵花","个",8,5,40]
[132,"移液枪","气密性好；1ml","个",2,400,800]
[133,"移液枪","气密性好；10ml","个",2,400,800]
[134,"移液枪枪头","100ul，1000个/包","包",1,20,20]
[135,"移液枪枪头","1ml，1000个/包","包",4,25,{"$f":"E137*F137","v":100}]
[136,"移液枪枪头","10ml，100个/包","包",6,25,150]
[137,"取样桶","不锈钢，2L","个",4,250,1000]
[138,"丁腈手套","M码；100只/盒","盒",12,45,540]
[139,"劳保手套","加交点，加厚","副",3,15,45]
[140,"高温手套",null,"副",3,35,105]
[141,"厚橡胶手套","加长型，防腐、防酸防碱","副",4,35,140]
[142,"活性炭口罩","/","盒",20,40,800]
[143,"pH试纸","1~14","个",4,8,32]
[144,"比色管架","25ml，有机玻璃，12孔","个",4,10,40]
[145,"比色管架","50ml，有机玻璃，12孔","个",4,10,40]
[146,"CN-CA滤膜","孔径0.45μm、直径60mm","盒",10,50,500]
[147,"玻璃纤维滤膜","50mm,0.45Um，螺纹","盒",6,40,240]
[148,"塑料镊子","100*7mm","个",6,5,30]
[149,"瓷蒸发皿","直径90mm","个",12,10,120]
[150,"一次性聚乙烯采样瓶","500ml","个",100,5,500]
[151,"封口膜","10cm*38m","卷",4,200,800]
[152,"坩埚钳","304不锈钢350mm","个",1,20,20]
[153,"虹吸管","长度约1.6m，供分取水样或添加稀释水","根",2,10,20]
[154,"营养琼脂平板","海博生物，9cm","个",400,2,800]
[155,"酒精棉球",null,"瓶",12,10,120]
[156,"酒精灯",null,"个",6,10,60]
[157,"中速定量滤纸","直径110mm","盒",4,15,60]
[158,"中速定性滤纸","直径110mm","盒",4,15,60]
[159,"慢速定量滤纸","直径110mm","盒",4,15,60]
[160,"慢速定性滤纸","直径110mm","盒",4,15,60]
[161,"牛皮纸","1000mm*800mm","张",3,5,15]
[162,"红色滴管胶头","滴瓶使用，100个/包","包",2,20,40]
[{"$f":"A164+1","v":163},"纱布","820mm*1000mm","个",2,25,50]
[164,"棉绳","系比色管用","卷",1,6,6]
[165,"冰箱温度计","零下40℃~50℃","个",1,100,100]
[166,"水质总大肠菌群合粪大肠菌群测试纸片","10ml水样量纸片","张",40,125,5000]
[167,"水质总大肠菌群合粪大肠菌群测试纸片","1ml水样量纸片","张",40,125,5000]
[168,"自封袋","12号","个",400,2,800]
[169,"橡皮筋",null,"包",2,8,16]
[170,"一次性滴管","3ml，1000个/包","包",2,8,16]
[171,"无齿扁咀镊",null,"个",2,10,20]
[172,"尖头镊子","不锈钢,15cm","个",2,10,20]
[173,"瓷坩埚","100ml带盖","个",8,30,240]
[174,"瓷坩埚","250ml带盖","个",8,60,480]
[175,"药匙","不锈钢长柄","个",8,5,40]
[176,"称量纸","100mm*100mm","包",4,10,40]
[177,"洗耳球","大","个",8,4,32]
[178,"毛刷","大","个",4,5,20]
[179,"毛刷","中","个",4,5,20]
[180,"毛刷","小","个",2,5,10]
[181,"天平清洁毛刷",null,"个",2,5,10]
[182,"洗瓶","白色弯头，500ml","个",12,4,48]
[183,"废液桶","25L","个",12,50,600]
[184,"实验服（白大褂）","XL码","个",8,98,784]
[185,"棉签",null,"包",4,2,8]
[186,"铁架台（配蝴蝶机夹）","高度60mm","个",2,80,160]
[187,"聚四氟搅拌子 "," C型  6mm*20mm  ","个",12,3,36]
[188,"标签纸","63*56mm，100张/包","包",2,10,20]
[189,"标签纸","48*37mm，100张/包","包",2,10,20]
[190,"标签纸","定制采样标签、标准溶液标签，100张/包","包",2,35,70]
[191,"衣架","微生物专用","个",1,80,80]
[192,"PP材质托盘","约35*25cm","个",2,50,100]
[193,"一次性聚乙烯瓶","1000ml","个",100,2,200]
[194,"锥形瓶（不磨口）","250ml，葵花","个",10,4,40]
[195,"DO快速测定仪",null,"个",1,800,800]
[196,"酸式滴定管","100ml，葵花","个",4,70,280]
[197,"一次性聚乙烯瓶","250ml","个",100,2,200]
[198,"具塞磨口比色管架","25ml，一排12个，亚克力材质","个",4,16,64]
[199,"具塞磨口比色管架","50ml，一排12个，亚克力材质","个",4,18,{"$f":"E201*F201","v":72}]
[200,"淀粉-碘化钾试纸","国药/三爱思","盒",4,10,40]
[201,"强酸性阳离子交换树脂(氢型）柱","葵花","个",2,250,500,"氨氮前处理用"]
[202,"强酸性阳离子交换树脂(氢型）","沃凯 250g","个",1,50,50,"氨氮前处理用"]
[203,"全玻璃蒸馏器","葵花","个",1,130,130,"氨氮前处理用"]
[204,"离子交换柱","外径1.4cm，装树脂高5-8cm","根",5,50,250,"硝氮前处理用"]
[205,"TDS水质检测笔","爱诗普霖","根",2,298,596,"TDS"]
[206,"透明护目镜","3M，防酸碱","个",10,36,360]
[207,"碘量瓶","500mL，带玻璃塞，葵花","个",20,25,500]
[208,"碘量瓶","502mL，带玻璃塞，葵花","个",20,25,{"$f":"E210*F210","v":500}]
[209,"铁三环","中号,蓝柄","个",20,6,{"$f":"E211*F211","v":120}]

{"sheet":"化验室设备仪器校准计划及预算","index":3,"n_rows":20,"n_cols":5,"rows_kept":20,"merged":[[0,0,0,4],[19,0,19,3]]}
["2023年化验室设备仪器校准计划及费用"]
["序号","仪器名称","校准单价（元）","数量（台）","费用合计（元）"]
[1,"电子天平",120,1,{"$f":"C3*D3","v":120}]
[{"$f":"A3+1","v":2},"哈希分光光度计",240,1,240]
[{"$f":"A4+1","v":3},"箱式电阻炉",275,1,275]
[{"$f":"A5+1","v":4},"pH计",140,1,140]
[{"$f":"A6+1","v":5},"生化培养箱",175,1,175]
[6,"电热鼓风干燥器",170,1,170]
[{"$f":"A8+1","v":7},"显微镜",90,1,90]
[{"$f":"A9+1","v":8},"COD消解仪",225,1,225]
[{"$f":"A10+1","v":9},"硫化氢气体检测仪",240,5,{"$f":"C11*D11","v":1200}]
[10,"氨气仪表",300,2,600]
[11,"四合一气体检测仪",600,1,600]
[12,"多种气体检测仪",300,2,600]
[13,"压力蒸汽灭菌锅",200,3,600]
[14,"恒温培养箱",170,1,170]
[{"$f":"A16+1","v":15},"隔水式培养箱",170,1,170]
[16,"无菌操作台",400,1,400]
[{"$f":"A18+1","v":17},"便携式溶氧仪",225,1,225]
["合计（元） ",{"$nulls":3},{"$f":"SUM(E3:E19)","v":6000}]